<?xml version="1.0" encoding="UTF-8"?>
<collection xmlns="http://www.loc.gov/MARC21/slim">
 <record>
  <leader>01656nam a2200349   4500</leader>
  <controlfield tag="001">DLU140158761</controlfield>
  <controlfield tag="005">##20140109</controlfield>
  <datafield tag="040" ind1="#" ind2="#">
   <subfield code="a">DLU</subfield>
   <subfield code="b">vie</subfield>
  </datafield>
  <datafield tag="041" ind1="#" ind2="#">
   <subfield code="a">vie</subfield>
  </datafield>
  <datafield tag="044" ind1="#" ind2="#">
   <subfield code="a">vn</subfield>
  </datafield>
  <datafield tag="082" ind1="#" ind2="#">
   <subfield code="a">967</subfield>
   <subfield code="b">CO-G</subfield>
  </datafield>
  <datafield tag="100" ind1="#" ind2="#">
   <subfield code="a">Connah, Graham.</subfield>
  </datafield>
  <datafield tag="245" ind1="#" ind2="#">
   <subfield code="a">Nền văn minh lục địa đen :</subfield>
   <subfield code="b">Nghiên cứu khảo cổ học /</subfield>
   <subfield code="c">Graham Connah; Nguyễn Kiên Trường dịch.</subfield>
  </datafield>
  <datafield tag="260" ind1="#" ind2="#">
   <subfield code="a">H. :</subfield>
   <subfield code="b">Từ điển Bách khoa,</subfield>
   <subfield code="c">2012.</subfield>
  </datafield>
  <datafield tag="300" ind1="#" ind2="#">
   <subfield code="a">518 tr. :</subfield>
   <subfield code="b">minh hoạ ;</subfield>
   <subfield code="c">21 cm.</subfield>
  </datafield>
  <datafield tag="505" ind1="#" ind2="#">
   <subfield code="a">Chương 1. Bối cảnh -- Chương 2. Ra đời ở sông Nile: thành tựu Nibia -- Chương 3. Lợi ích của sự cô lập: cao nguyên Ethiopia -- Chương 4. Khu vực tối ưu: thảo nguyên Tây Phi -- Chương 5. Sự rực rỡ bên dưới tàn cây: rừng Tây phi và vùng ven -- Chương 6. Phần rìa hay phần trung tâm: các thành phố vùng bờ biển và đảo Đông Phi -- Chương 7. Vấn đề bối cảnh: đại Zimbabwe và các di chỉ liên quan -- Chương 8. Vùng trung tâm châu Phi: vùng đất trũng Upemba và Vùng Liên Hồ -- Chương 9. Mẫu số chung là gì?.</subfield>
  </datafield>
  <datafield tag="650" ind1="#" ind2="#">
   <subfield code="a">Khai quật (Khảo cổ học)</subfield>
   <subfield code="z">Châu Phi, cận Sahara.</subfield>
  </datafield>
  <datafield tag="650" ind1="#" ind2="#">
   <subfield code="a">Người tiền sử</subfield>
   <subfield code="z">Châu Phi, cận Sahara.</subfield>
  </datafield>
  <datafield tag="651" ind1="#" ind2="#">
   <subfield code="a">Châu Phi, cận Sahara</subfield>
   <subfield code="x">Di tích cổ.</subfield>
  </datafield>
  <datafield tag="651" ind1="#" ind2="#">
   <subfield code="a">Châu Phi, cận Sahara</subfield>
   <subfield code="x">Văn minh.</subfield>
  </datafield>
  <datafield tag="700" ind1="#" ind2="#">
   <subfield code="a">Nguyễn Kiên Trường,</subfield>
   <subfield code="c">TS.</subfield>
   <subfield code="e">dịch.</subfield>
  </datafield>
  <datafield tag="923" ind1="#" ind2="#">
   <subfield code="a">06/2013</subfield>
  </datafield>
  <datafield tag="991" ind1="#" ind2="#">
   <subfield code="a">SH</subfield>
  </datafield>
  <datafield tag="992" ind1="#" ind2="#">
   <subfield code="a">100000</subfield>
  </datafield>
  <datafield tag="994" ind1="#" ind2="#">
   <subfield code="a">DLU</subfield>
  </datafield>
  <datafield tag="900" ind1="#" ind2="#">
   <subfield code="a">True</subfield>
  </datafield>
  <datafield tag="911" ind1="#" ind2="#">
   <subfield code="a">Đào Thị Thu Huyền</subfield>
  </datafield>
  <datafield tag="925" ind1="#" ind2="#">
   <subfield code="a">G</subfield>
  </datafield>
  <datafield tag="926" ind1="#" ind2="#">
   <subfield code="a">A</subfield>
  </datafield>
  <datafield tag="927" ind1="#" ind2="#">
   <subfield code="a">SH</subfield>
  </datafield>
  <datafield tag="980" ind1="#" ind2="#">
   <subfield code="a">Thư viện Trường Đại học Đà Lạt</subfield>
  </datafield>
 </record>
</collection>
